000
00304nam a22001457a 4500
008
231025b ||||| |||| 00| 0 eng d
020
_a
0521309492
041
_a
eng
080
_a
101
082
_a
101DYS
100
_a
44
101
_a
FOLOZ
245
_a
ORIGINS OF LIFE
_c
DYSON.F
942
_2
udc
_c
BK
999
_c
60469
_d
60469